Statistics for US cities of over 100k population with greatest percentage of african -americans

Click here to take the quiz!

General Stats

  • This quiz has been taken 203 times
  • The average score is 6 of 10

Answer Stats

%Answer% Correct
82.7Detroit
88%
60.2New Orleans
82%
79.4Jackson
78%
63.3Memphis
78%
63.7Baltimore
75%
73.4Birmingham
73%
56.6Montgomery
57%
55.4Savannah
27%
56.6Flint
23%
76.3Miami Gardens
5%

Score Distribution

Percentile by Number Answered

Percent of People with Each Score

Your Score History

You have not taken this quiz